Fire Emblem Three Houses Combat Arts - Statistics

General Stats
  • This quiz has been taken 19 times
  • The average score is 34 of 80
Answer Stats
Weapon Skill Level Might Effect Art % Correct
Sword D +5 N/A Wrath Strike
93%
Sword C +3 Effective against flying enemies Grounder
80%
Lance C +5 Effective against cavalry units Knightkneeler
80%
Bow C+ +6 Up to 5 Range Deadeye
67%
Sword C+/A +7 Deals Magic based damage Hexblade
67%
Sword C+ +2 Deals Magic based damage, increases with Res. Soulblade
67%
Sword C+ +6 Effective against monsters Bane of Monsters
60%
Other None N/A User Moves one space back and ally is put there Draw Back
60%
Lance C+ +4 User moves back 1 space after combat Hit and Run
60%
Bow C+/A +3 1 Range, two consecutive hits Point-Blank Volley
60%
Other None N/A User Pushes ally forward one space Shove
60%
Other None N/A User Swaps places with ally Swap
60%
Lance A +2 Triggers 2 consecutive hits Swift Strikes
60%
Lance D +8 N/A Tempest Lance
60%
Sword C+/A +3 Prevents enemy counterattack Windsweep
60%
Bow D +1 N/A Curved Shot
53%
Brawl C+/A +5 User recovers 50% of damage dealt Draining Blow
53%
Brawl D +6 Moves user backwards Fading Blow
53%
Lance C+/A +3 Deals Magic damage. Might increases with Dex. Frozen Lance
53%
Axe C +7 Effective against Armored units Helm Splitter
53%
Exclusive N/A +1 Sniper Hunter's Volley
53%
Other None N/A User Moves ally to space behind them Reposition
53%
Brawl C +7 Moves user one space in front of foe Rushing Blow
53%
Axe D +3 N/A Smash
53%
Other N/A +8 Triggered when 3 allied flying units are adjacent to same foe Triangle Attack
53%
Lance C+ +2 Might increases with missing HP Vengeance
53%
Exclusive N/A 0 Assassin Assassinate
47%
Exclusive N/A 0 Swordmaster Astra
47%
Bow A +4 Prevents foe from moving next turn Encloser
47%
Brawl B N/A Restores 50% of users HP Healing Focus
47%
Bow C+ +8 N/A Heavy Draw
47%
Lance C+ +4 Inflicts -5 Def on foe Shatter Slash
47%
Other None N/A User Pushes ally forward 2 spaces Smite
47%
Other Sword +1 Might increases based on users charm, win White Heron Cup Sword Dance
47%
Bow C+ +4 Inflicts -5 Def. on foe Break Shot
40%
Sword A +2 Might increases with Dex Finesse Blade
40%
Exclusive N/A +10 Emperor Flickering Flower
40%
Exclusive N/A +6 Thunderbrand Foudroyant Strike
40%
Exclusive N/A 0 Trickster Foul Play
40%
Axe C+/A +4 Deals Magic based damage, increases with Res. Lightning Axe
40%
Bow C+/A +5 Effective against monsters Monster Blast
40%
Lance C+ +7 Effective against monsters Monster Piercer
40%
Brawl C+ +8 Triggers follow-up attack One-Two Punch
40%
Exclusive N/A +7 War Monk/War Cleric Pneuma Gale
40%
Exclusive N/A +7 Sword of the Creator Ruptured Heaven
40%
Exclusive N/A +10 Sublime Creator Sword Sublime Heaven
40%
Axe A +4 Might increases with Def. Armored Strike
33%
Brawl C+/A +3 Triggers two consecutive hits Bombard
33%
Axe C+/A +14 N/A Diamond Axe
33%
Axe A +3 Depletes all weapon uses and adds 30% to might Exhaustive Strike
33%
Brawl C+ +13 Effective against monsters Monster Crusher
33%
Exclusive N/A +10 Great Lord Paraselene
33%
Exclusive N/A +13 Lance of Ruin Ruined Sky
33%
Other Sword N/A Leaves foe with at least 1HP Subdue
33%
Exclusive N/A +3 War Master War Master's Strike
33%
Exclusive N/A +5 Barbarossa Wind God
33%
Exclusive N/A +15 Freikugel Apocalyptic Flame
27%
Exclusive N/A +15 Areadbhar Atrocity
27%
Exclusive N/A +10 Blutgang Beast Fang
27%
Exclusive N/A +20 Crusher Dust
27%
Exclusive N/A +10 Vajra-Mushti Eviscerate
27%
Exclusive N/A +10 Failnaught Fallen Star
27%
Exclusive N/A +1 Grappler Fierce Iron Fist
27%
Axe C+ +0 Very accurate Focused Strike
27%
Lance A +2 Might increases with Def. Glowing Ember
27%
Sword C+ +2 N/A Haze Slice
27%
Brawl A +10 N/A Mighty Blow
27%
Axe C+ +9 Effective against Monsters Monster Breaker
27%
Brawl C+ +4 Two consecutive hits Nimble Combo
27%
Exclusive N/A +14 Aymr Raging Storm
27%
Bow C+/A +4 Inflicts -5 Res. on foe Schism Shot
27%
Axe C+ +5 N/A Spike
27%
Sword C+ +4 N/A Sunder
27%
Bow C+/A +4 Inflicts -5 Str. on foe Waning Shot
27%
Bow A +4 Prevents foe from using magic next turn Ward Arrow
27%
Axe C+ +10 Very innacurate Wild Abandon
27%
Exclusive N/A +8 Luin Burning Quake
20%
Exclusive N/A +10 Dark Creator Sword Heaven's Fall
20%
Lance A +3 Might increases with Speed Lance Jab
20%
Brawl A +10 Deals Magic based damage Mystic Blow
20%
No matching quizzes found
Score Distribution
Percent of People with Each Score
Percentile by Number Answered
Your Score History
You have not taken this quiz